ARRUPE JESUIT UNIVERSITY

CORONAVIRUS -STOP THE SPREAD - CLEAN,DISINFECT,COVER

Medieval philosophy : (Record no. 120057)

MARC details
000 -LEADER
fixed length control field 04347cam a2200385 a 4500
001 - CONTROL NUMBER
control field 14483702
003 - CONTROL NUMBER IDENTIFIER
control field ARRUPE
005 - DATE AND TIME OF LATEST TRANSACTION
control field 20140213142714.0
008 - FIXED-LENGTH DATA ELEMENTS--GENERAL INFORMATION
fixed length control field 060807s2007 mau b 001 0 eng
010 ## - LIBRARY OF CONGRESS CONTROL NUMBER
LC control number 2006025789
020 ## - INTERNATIONAL STANDARD BOOK NUMBER
International Standard Book Number 1405135646 (hbk.)
020 ## - INTERNATIONAL STANDARD BOOK NUMBER
International Standard Book Number 9781405135641 (hbk.)
020 ## - INTERNATIONAL STANDARD BOOK NUMBER
International Standard Book Number 1405135654 (pbk.)
020 ## - INTERNATIONAL STANDARD BOOK NUMBER
International Standard Book Number 9781405135658 (pbk.)
035 ## - SYSTEM CONTROL NUMBER
System control number (OCoLC)ocm70921398
035 ## - SYSTEM CONTROL NUMBER
System control number (OCoLC)70921398
040 ## - CATALOGING SOURCE
Original cataloging agency DLC
Transcribing agency DLC
Modifying agency BAKER
-- BTCTA
-- BWKUK
-- YDXCP
-- DLC
050 00 - LIBRARY OF CONGRESS CALL NUMBER
Classification number B721
Item number .M458 2007
300 ## - PHYSICAL DESCRIPTION
Dimensions 26 cm.
245 00 - TITLE STATEMENT
Title Medieval philosophy :
Remainder of title essential readings with commentary /
Statement of responsibility, etc edited by Gyula Klima ; with Fritz Allhoff and Anand Jayprakash Vaidya.
260 ## - PUBLICATION, DISTRIBUTION, ETC. (IMPRINT)
Place of publication, distribution, etc Malden, MA ;
-- Oxford :
Name of publisher, distributor, etc Blackwell Pub.,
Date of publication, distribution, etc 2007.
300 ## - PHYSICAL DESCRIPTION
Extent xii, 393 p. ;
440 #0 - SERIES STATEMENT/ADDED ENTRY--TITLE
Title Blackwell readings in the history of philosophy ;
Volume number/sequential designation 2
9 (RLIN) 8655
504 ## - BIBLIOGRAPHY, ETC. NOTE
Bibliography, etc Includes bibliographical references (p. [382]-387) and index.
505 0# - FORMATTED CONTENTS NOTE
Formatted contents note Logic and epistemology -- Philosophy, theology, logic, and the sciences -- Augustine on ancient philosophy -- Dialectica Monaccensis (anonymous, twelfth century) on the division of science -- Thomas Aquinas on the nature and scope of sacred doctrine -- The problem of universals -- Boethius against real universals -- John of Salisbury on the controversy over universals -- The Summa Lamberti on the properties of terms -- William Ockham on universals -- John Buridan on the predicables -- Illumination vs. abstraction, and scientific knowledge -- Augustine on divine ideas and illumination -- Thomas Aquinas on illumination vs. abstraction -- Thomas Aquinas on our knowledge of the first principles of demonstration -- Henry of Ghent on divine illumination -- Duns Scotus on divine illumination -- Knowledge and skepticism -- Augustine on the certainty of self-knowledge -- Thomas Aquinas on whether the intellect can be false -- Henry of Ghent on whether a human being can know anything -- Nicholas of Autrecourt on skepticism about substance and causality -- John Buridan on scientific knowledge -- Philosophy of nature, philosophy of the soul, metaphysics -- Hylomorphism, causality, natural philosophy -- Thomas Aquinas on the principles of nature -- Thomas Aquinas on the mixture of elements -- Giles of Rome on the errors of philosophers -- Selections from the condemnation of 1277 -- John Buridan on the impetus theory of projectile motion -- Human nature and the philosophy of the soul -- Augustine on the soul -- Averroës on the immateriality of the intellect -- Siger of Brabant on the intellective soul -- Thomas Aquinas on the nature and powers of the human soul -- John Buridan on the immateriality of the soul -- Metaphysics, existence and essence -- Avicenna on common nature -- Thomas Aquinas on being and essence -- John Buridan on essence and existence -- God's existence and essence -- Augustine on divine immutability -- Anselm of Canterbury on God's existence -- Thomas Aquinas on God's existence and simplicity -- Practical philosophy -- Goodness and being -- Augustine on evil as the privation of goodness -- Augustine on the origin of moral evil -- Boethius on being and goodness -- Thomas Aquinas on the convertibility of being and goodness -- Freedom of the will -- Augustine on the "divided will" -- Boethius on divine providence and the freedom of the will -- Anselm of Canterbury on free will -- Henry of Ghent on the primacy of the will -- Virtues and happiness -- Boethius of Dacia on the supreme good -- Thomas Aquinas on happiness -- Divine law, natural law, positive law -- Thomas Aquinas on natural law and positive law -- John Duns Scotus on natural law and divine law.
650 #0 - SUBJECT ADDED ENTRY--TOPICAL TERM
Topical term or geographic name as entry element Philosophy, Medieval.
9 (RLIN) 8656
700 1# - ADDED ENTRY--PERSONAL NAME
Personal name Klima, Gyula.
9 (RLIN) 8657
700 1# - ADDED ENTRY--PERSONAL NAME
Personal name Allhoff, Fritz.
9 (RLIN) 8658
700 1# - ADDED ENTRY--PERSONAL NAME
Personal name Vaidya, Anand.
9 (RLIN) 8659
856 41 - ELECTRONIC LOCATION AND ACCESS
Materials specified Table of contents only
Uniform Resource Identifier <a href="http://www.loc.gov/catdir/toc/ecip0619/2006025789.html">http://www.loc.gov/catdir/toc/ecip0619/2006025789.html</a>
856 42 - ELECTRONIC LOCATION AND ACCESS
Materials specified Publisher description
Uniform Resource Identifier <a href="http://www.loc.gov/catdir/enhancements/fy0802/2006025789-d.html">http://www.loc.gov/catdir/enhancements/fy0802/2006025789-d.html</a>
856 42 - ELECTRONIC LOCATION AND ACCESS
Materials specified Contributor biographical information
Uniform Resource Identifier <a href="http://www.loc.gov/catdir/enhancements/fy0802/2006025789-b.html">http://www.loc.gov/catdir/enhancements/fy0802/2006025789-b.html</a>
906 ## - LOCAL DATA ELEMENT F, LDF (RLIN)
a 7
b cbc
c orignew
d 1
e ecip
f 20
g y-gencatlg
942 ## - ADDED ENTRY ELEMENTS (KOHA)
Source of classification or shelving scheme Library of Congress Classification
Koha item type Monograph ( Printed materials)
Holdings
Withdrawn status Lost status Source of classification or shelving scheme Damaged status Not for loan Home library Current library Shelving location Date acquired Total Checkouts Full call number Barcode Date last seen Date checked out Price effective from Koha item type Public note
    Library of Congress Classification     ARRUPE LIBRARY ARRUPE LIBRARY Main Collection 13/02/2014 8 B721 .M458 2007 46500002280 02/12/2024 18/11/2024 13/02/2014 Monograph ( Printed materials)  
    Library of Congress Classification     ARRUPE LIBRARY ARRUPE LIBRARY   12/01/2015   B721 .M458 2007   12/01/2015   12/01/2015 REFERENCE Reserve shelf - history of medieval philosophy

 

Arrupe Library. PO Box MP320 Mt Pleasant, Harare, Zimbabwe
263 242 745411|librarian@aju.ac.zw